Organizačná kultúra

Definície kultúry. Vznik teórií organizačnej kultúry. Čo organizačná kultúra je a čo nie je. Výskum kultúry. Štruktúra kultúry. Formy kultúry. Dimenzionálne modely organizačných kultúr. Typológie organizačných kultúr.

Saved in:
Bibliographic Details
Main Author: Šajgalíková, Helena
Format: Book Chapter
Language:Slovak
Subjects:
Tags: Add Tag
No Tags, Be the first to tag this record!

MARC

LEADER 00000naa$a2200000$$$4500
001 0237532
005 20240502073833.3
041 0 |a slo 
044 |a SK 
245 1 0 |a Organizačná kultúra  |c Helena Šajgalíková 
520 |a Definície kultúry. Vznik teórií organizačnej kultúry. Čo organizačná kultúra je a čo nie je. Výskum kultúry. Štruktúra kultúry. Formy kultúry. Dimenzionálne modely organizačných kultúr. Typológie organizačných kultúr. 
610 2 0 |a kultúra 
610 2 0 |a kultúra podniková 
610 2 0 |a organizácie 
610 2 0 |a podnik 
610 2 0 |a kolektív 
610 2 0 |a skupiny pracovné 
610 2 0 |a emócie 
610 2 0 |a hodnota 
610 2 0 |a výskum 
100 1 |a Šajgalíková, Helena